| 000 | 00361nam a22001457a 4500 | ||
|---|---|---|---|
| 003 | OSt | ||
| 005 | 20231025110808.0 | ||
| 008 | 231025b |||||||| |||| 00| 0 eng d | ||
| 040 | _cIIMT UNIVERSITY | ||
| 100 | _aGOYANDKA, JAYDAYAL | ||
| 245 | _aDHYANAVSTHA ME PRABHU SE VARTALAP | ||
| 260 |
_aGORAKHPUR _bGEETA PRESS _cS.2039 |
||
| 300 | _a102 | ||
| 942 |
_2ddc _c09 |
||
| 999 |
_c57524 _d57524 |
||